Glubb's Legion. (Record no. 549878)

000 -LEADER
fixed length control field 00359cam a22001211 4500
082 ## - DEWEY DECIMAL CLASSIFICATION NUMBER
Classification number 956.95
Author Mark LIA
-- L-28, P-33
100 1# - MAIN ENTRY--PERSONAL NAME
Personal name Lias, Godfrey.
9 (RLIN) 46570
245 10 - TITLE STATEMENT
Title Glubb's Legion.
Statement of responsibility, etc. Foreword by Sir John Bagot Glubb.
260 ## - PUBLICATION, DISTRIBUTION, ETC.
Place of publication, distribution, etc. London,
Name of publisher, distributor, etc. Evans Bros.
Date of publication, distribution, etc. [1956]
300 ## - PHYSICAL DESCRIPTION
Extent 230 p.
Other physical details illus.
Dimensions 23 cm.
526 ## - STUDY PROGRAM INFORMATION NOTE
Program name 0
Interest level 0
Reading level 0
Title point value 956_950000000000000_LIA
942 ## - ADDED ENTRY ELEMENTS (KOHA)
Source of classification or shelving scheme
Koha item type Book
Holdings
Withdrawn status Lost status Source of classification or shelving scheme Damaged status Not for loan Permanent Location Current Location Date acquired Total Checkouts Full call number Barcode Date last seen Price effective from Koha item type
          Military College of Engineering (MCE) Military College of Engineering (MCE) 10/15/2014   956.95 LIA MCE-385 10/15/2014 10/15/2014 Book
© 2023 Central Library, National University of Sciences and Technology. All Rights Reserved.